Normal view
MARC view
Entry Personal Name
001 - CONTROL NUMBER
- control field: 97
003 - CONTROL NUMBER IDENTIFIER
- control field: NLI
005 - DATE AND TIME OF LATEST TRANSACTION
- control field: 20210115125509.0
008 - FIXED-LENGTH DATA ELEMENTS
- fixed length control field: 210115|| aca||aabn | a|a d
040 ## - CATALOGING SOURCE
- Original cataloging agency: NLI
- Transcribing agency: NLI
100 ## - HEADING--PERSONAL NAME
- Personal name: Rajput, R.K
670 ## - SOURCE DATA FOUND
- Source citation: Work cat.: (NLI): 880-01 Rajput, R.K., Engineering materials ( including construction materials)
